000 00862nam a2200205 a 4500
008 120416s1994 ||||||||||||||||| || u
020 _a0582087848
020 _a0582087848
050 _aS 591 Row
100 _aRowell, David L., 1937-
245 1 0 _aSoil science: methods and applications
_cDavid L. Rowell
260 _aLondon:
_bLongman Scientific & Technical Wiley
_c1994
300 _a[x], 350p.: ill.
350 _a0.00
500 _aIncludes bibliographical references (p. 338-344) and index.
650 _aSOILS
650 0 _aSOIL SCIENCE
995 _aBINDERY (DAMAGED)
_D0.00
_e728858
_FCBU-MAIN LIBRARY (Kitwe)
_H2
_I21.99
_jS 591 Row
_M4
_UDAMAGED
_y020706
_ZMain Library Open Access Collection
995 _aMAIN LIBRARY OPEN ACCESS
_D0.00
_e728857
_FCBU-MAIN LIBRARY (Kitwe)
_H1
_I21.99
_jS 591 Row
_M2
_UAVAILABLE
_y020711
_ZMain Library Open Access Collection
999 _c76639
_d76639